000 00710nas a2200241 4500
001 BR2017000792
003 BR-BrBNA
005 20231205130852.0
007 ta
008 230509b bl.|||p| |||| 00| 00por d
040 _aBR-BrBNA
_bpor
_cBiblioteca Nacional de Agricultura
041 _a(Pt)
072 _aQ03
100 1 _aPinto, P.S. de A.
245 1 _aAspectos sanitários da salmonelose como uma zoonose
650 _aALIMENTO
650 _aSALMONELOSE
650 _aHIGIENE DE ALIMENTO
650 _aSAÚDE PÚBLICA
773 0 _tHigiene Alimentar (Brazil)
_xISSN 0101-9171
_g(Jun 2000), v. 14(73) p. 39-43
_wBR2017000792
909 _a202311
_bLúcia
_c55
_dLúcia Elande
942 _2AGRIS
_n0
_cANA
999 _c251759
_d251759